000
00367nam a2200145Ia 4500
008
231129s1994||||xx |||||||||||||| ||spa||
020
_a
968-422-481-8
040
_b
spa
082
_a
005.43 R918s
100
_a
Rueda Francisco
245
0
_a
Sistemas Operativos
260
_c
1994
264
_a
McGraw-Hill
942
_2
ddc
_c
BKS
999
_c
24696
_d
24696